🇩🇪🍺 German Beer - Sudden Death - Statistics

General Stats
  • This quiz has been taken 1,167 times
  • The average score is 8 of 18
Answers on the Grid
Answers color-coded by a green-red scale on the quiz's grid according to % correct below.
ABK
Amstel
Bavaria
Beck's
Bitburger
Braufactum
Budvar
Budweiser
Carlsberg
Clausthaler
Eichbaum
Erdinger
Grolsch
Heineken
Holsten
Jever
Krombacher
Kronenbourg
Mikkeller
Oettinger
Paulaner
Radeberger
Schneider Weisse
Schöfferhofer
Staropramen
Tuborg
Tyskie
Veltins
Warsteiner
Weihenstephaner
 
Answer Stats
Answer % Correct
Beck's
64%
Bitburger
64%
Erdinger
57%
Paulaner
55%
Warsteiner
53%
Krombacher
52%
Radeberger
47%
Schöfferhofer
45%
Weihenstephaner
44%
Oettinger
42%
Veltins
39%
Schneider Weisse
38%
Jever
36%
Clausthaler
35%
Holsten
34%
Eichbaum
30%
Braufactum
22%
ABK
18%
No matching quizzes found
Score Distribution
Percent of People with Each Score
Percentile by Number Answered
Your Score History
You have not taken this quiz